000 00631nam a2200277Ia 4500
005 20260320195742.0
008 008 262003s9999 xx 000 0 hin d
020 _a9788183611152
037 _aEBOOK
040 _aCRL
040 _bhin
040 _cCRL
041 _2hin
041 _ahin
084 _qCRL
100 _aशिवानी
_91132878
245 0 _aकरिए छिमा
250 _a7th
260 _bRajkamal
260 _c2007
300 _a120
856 _uhttps://ebook.indiaread.in/pdfs/440_kariye_chheema.pdf
942 _cEBOOK
999 _c1716310
_d1716310